000 00660nam a2200193Ia 4500
008 090123s9999 xx 000 0 und d
082 _b41959
100 _aपेरेइरा ए. पी.
245 _aयशाचा आणि सुखाचा मार्ग
250 _a1
260 _c2007
300 _a104
600 _aपेरेइरा ए. पी.
630 _aयशाचा आणि सुखाचा मार्ग
700 _aदेशपांडे विश्वनाथ
700 _aपेरेइरा ए. पी.
730 _aयशाचा आणि सुखाचा मार्ग
942 _cBOOK
999 _c80035
_d80035